| 000 | 00409nam a2200181Ia 4500 | ||
|---|---|---|---|
| 001 | 3821 | ||
| 005 | 20260306145711.0 | ||
| 008 | 260306t2008||||xx |||||||||||||| ||spa|| | ||
| 041 | _aESP | ||
| 082 |
_a303.484 _bC33 |
||
| 100 |
_aCastells, Manuel _eAUT |
||
| 245 | 0 | _aLa cuestión urbana | |
| 260 | _c2008 | ||
| 300 |
_a517 páginas : _ccm. |
||
| 650 | _aGEN | ||
| 654 | _aCHU | ||
| 942 |
_cLIB _dJUS _fJUS _2ddc _n |
||
| 999 |
_c3821 _d3821 |
||